I situazionisti : il movimento che ha profetizzato la società dello spettacolo /

সংরক্ষণ করুন:
গ্রন্থ-পঞ্জীর বিবরন
প্রধান লেখক: Perniola, Mario (লেখক)
বিন্যাস: গ্রন্থ
ভাষা:ইতালিয়
প্রকাশিত: Roma : Castelvecchi, 2005
সংস্করন:2. ed
মালা:Contatti. N. S ; 18
বিষয়গুলি:
ট্যাগগুলো: ট্যাগ যুক্ত করুন
কোনো ট্যাগ নেই, প্রথমজন হিসাবে ট্যাগ করুন!

MARC

LEADER 00000nam a22000007i 4500
001 IT\ICCU\UBO\2703183
003 ItRI
005 20260115231924.0
008 050418s2005 it |||||| ||||| |||||c
020 |a 8876150684 
040 |b ita  |c importazione bologna sebina 
041 7 |a ita  |2 ISO-639-2 
100 1 |a Perniola, Mario  |0 IT\ICCU\CFIV\065006  |4 aut 
240 1 2 |a I situazionisti  |3 IT\ICCU\UBO\4852118  |9 Perniola, Mario 
245 1 2 |a I situazionisti :  |b il movimento che ha profetizzato la società dello spettacolo /  |c Mario Perniola. 
250 |a 2. ed 
260 |a Roma :  |b Castelvecchi,  |c 2005 
300 |a 126 p. ;  |c 19 cm. 
650 7 |a Internationale situationniste  |2 scbi 
650 7 |a Internazionale situazionista 
650 7 |a Movimenti culturali  |x Europa  |2 scbi 
650 7 |a Situazionismo  |2 scbi 
830 0 |a Contatti. N. S ;  |v 18  |0 IT\ICCU\LO1\0859113 
942 |2 ddc  |c BK  |n 0 
952 |0 0  |1 0  |4 0  |6 DOC_306_200000000000000_PER  |7 0  |9 16591  |a BO  |b BO  |d 2026-01-15  |i 10854  |l 0  |o DOC 306.2 PER  |p BO10854  |r 2026-01-15 23:19:24  |w 2026-01-15  |x [Sebina 5] [1 v.]  |y BK  |z 1 v. 
999 |c 14198  |d 14198